|
|
|
|
| LEADER |
01638cam a22002891 4500 |
| 001 |
3114583 |
| 003 |
GR-PaULI |
| 005 |
20210117210643.0 |
| 008 |
840606s1964 gw a 000 0 ger |
| 040 |
|
|
|a DLC/ICU
|c ICU
|d DLC
|b gre
|e AACR2
|
| 041 |
1 |
|
|a ger
|h rus
|
| 082 |
|
|
|2 23
|a 515.7
|
| 100 |
1 |
|
|a Sobolev, S. L.
|q (Sergeĭ Lʹvovich),
|d 1908-1989
|9 13707
|e συγγραφέας.
|
| 240 |
1 |
0 |
|a Nekotorye primenenii︠a︡ funktsionalʹnogo analiza v matematicheskoĭ fizike.
|l Γερμανικά.
|
| 245 |
1 |
0 |
|a Einige Anwendungen der Funktionalanalysis auf Gleichungen der mathematischen Physik
|c [von] S.L. Sobolew. Autorisierte bearb. Ausg. In deutscher Sprache hrsg. von Günter Zeidler.
|
| 250 |
|
|
|a Autorisierte bearb. Ausg.
|b In deutscher Sprache hrsg. von Günter Zeidler.
|
| 260 |
|
|
|a Berlin,
|b Akademie-Verlag,
|c 1964.
|
| 300 |
|
|
|a 218 p.
|b illus.
|c 25 cm.
|
| 490 |
1 |
|
|a Mathematische Lehrbücher und Monographien 1. Abt: Mathematische Lehrbücher,
|v Bd. 12
|
| 650 |
|
4 |
|a Συναρτησιακή ανάλυση
|9 218
|
| 700 |
1 |
|
|a Zeidler, Günter
|e επιμελητής.
|9 169643
|
| 765 |
|
|
|i Μετάφραση του :
|t Nekotorye primenenii︠a︡ funktsionalʹnogo analiza v matematicheskoĭ fizike.
|
| 830 |
|
|
|a Mathematische Lehrbücher und Monographien.
|n I. Abteilung,
|p I. Abteilung, Mathematische Lehrbücher
|v 12.
|9 168675
|
| 942 |
|
|
|2 ddc
|c BK15
|
| 952 |
|
|
|0 0
|1 0
|2 ddc
|4 0
|6 515_700000000000000_SOB
|7 0
|9 223379
|a LISP
|b LISP
|c BSC
|d 2018-06-20
|e Βιβλιοθήκη Μαθηματικού.
|i 124511
|l 0
|o 515.7 SOB
|p 025000040413
|r 2018-06-20 00:00:00
|t 1
|v 2018.00
|w 2018-06-20
|y BK15
|
| 998 |
|
|
|c ΜΠΟΥΡΑΣ
|d 2018-06
|
| 999 |
|
|
|c 134999
|d 134999
|